| 000 | 00775cab a2200265 4500 | ||
|---|---|---|---|
| 001 | ABS51646 | ||
| 008 | 090401t1994 xxu||||| |||| 00| 0 eng d | ||
| 035 | _a(Sirsi) u37150 | ||
| 041 | _aeng | ||
| 100 | _aMcWilliam, F. | ||
| 245 | _aWeathering the storm | ||
| 260 | _c1994 | ||
| 350 | _a0 | ||
| 490 |
_aContract Journal _v375(5994) 29 September 1994, 18-29(2) |
||
| 520 | _aReports on progress IN constructing Skye`s first bridge to connect the island with mainland Scotland. | ||
| 650 | _aDESIGN BUILD OPERATE AND TRANSFER CONTRACT | ||
| 650 | _aPRIVATE FINANCE | ||
| 650 | _aSCOTLAND | ||
| 650 | _aSKYE CROSSING | ||
| 650 | _aTOLL BRIDGE | ||
| 650 | _aTRANSPORT PROJECTS | ||
| 690 | _aTRANSPORT AND COMMUNICATIONS | ||
| 942 | _n0 | ||
| 948 | _c04/03/1997 | ||
| 999 |
_c24034 _d24034 |
||